| 000 | 00692nam a2200193 u 4500 | ||
|---|---|---|---|
| 005 | 20240605063927.0 | ||
| 008 | 170224s2005 r 000 0 eng d | ||
| 035 | _aUPN01000216304 | ||
| 049 | _aCG | ||
| 050 | 4 |
_aHN120 D5 _bC6.3 |
|
| 110 | 2 | _aConsejo Nacional para Prevenir la Discriminación (México) | |
| 245 | 1 | 0 |
_aCarpeta de información básica / _cConsejo Nacional para Prevenir la Discriminación. |
| 260 |
_aMéxico : _bCONAPRED, _c[2005]. |
||
| 300 |
_a39, [14] p. : _bil. col. |
||
| 650 | 4 |
_aDiscriminación _xPrevención _xPolítica gubernamental _zMéxico _924610 |
|
| 610 | 2 | 4 | _aCONSEJO NACIONAL PARA PREVENIR LA DISCRIMINACION (MEXICO) |
| 905 | _aLibro | ||
| 999 |
_c188404 _d188404 |
||